[Event "10. University wch masculino"]
[Site "Novokuznetsk RUS"]
[Date "2008.03.09"]
[Round "7.2"]
[White "Smirnov, Pavel"]
[Black "Zhumabayev, Rinat"]
[Result "1/2-1/2"]
[WhiteElo "2599"]
[BlackElo "2436"]
[PlyCount "49"]
[EventDate "2008.03.03"]
[EventType "swiss"]
[EventRounds "9"]
[EventCountry "RUS"]
[Source "lmi"]
[SourceDate "2008.03.03"]

1. e4 e5 2. Nf3 Nc6 3. Bb5 Nf6 4. O-O Nxe4 5. d4 Nd6 6. Bxc6 dxc6 7. dxe5 Nf5
8. Qxd8+ Kxd8 9. Nc3 h6 10. h3 Bd7 11. b3 Kc8 12. Bb2 a5 13. Rad1 Be7 14. a4
Nh4 15. Nd4 c5 16. Nde2 Ra6 17. Nd5 Bd8 18. c4 Re8 19. Ng3 Rg6 20. Kh2 h5 21.
f4 Nf5 22. Nxf5 Bxf5 23. Rd2 h4 24. Rf3 Rge6 25. Bc3 1/2-1/2

[Event "10. University wch masculino"]
[Site "Novokuznetsk RUS"]
[Date "2008.03.09"]
[Round "7.3"]
[White "Maletin, Pavel"]
[Black "Zhou, Jianchao"]
[Result "1/2-1/2"]
[WhiteElo "2573"]
[BlackElo "2551"]
[PlyCount "84"]
[EventDate "2008.03.03"]
[EventType "swiss"]
[EventRounds "9"]
[EventCountry "RUS"]
[Source "lmi"]
[SourceDate "2008.03.03"]

1. d4 Nf6 2. c4 g6 3. Nf3 Bg7 4. g3 O-O 5. Nc3 d5 6. cxd5 Nxd5 7. Bg2 Nb6 8.
O-O Nc6 9. e3 Re8 10. d5 Na5 11. Nd4 Bd7 12. e4 c6 13. Re1 Rc8 14. Rb1 cxd5 15.
exd5 Nac4 16. b3 Nd6 17. Bb2 Rc7 18. a4 Qc8 19. Qd3 Bf5 20. Nxf5 Qxf5 21. Qxf5
gxf5 22. Ne2 Bxb2 23. Rxb2 Rec8 24. Nd4 Rc1 25. Rbe2 Rxe1+ 26. Rxe1 Kf8 27. a5
Nd7 28. a6 bxa6 29. Nc6 Nf6 30. Ra1 Nde4 31. Rxa6 Nxd5 32. Bf1 Nd2 33. Bg2 Nb4
34. Nxb4 Rc1+ 35. Bf1 Rxf1+ 36. Kg2 Rc1 37. Rxa7 Nxb3 38. Nd5 Re1 39. Ne3 Nd4
40. Rd7 e5 41. Nc4 Kg7 42. Nxe5 Rxe5 1/2-1/2

[Event "10. University wch masculino"]
[Site "Novokuznetsk RUS"]
[Date "2008.03.09"]
[Round "7.4"]
[White "Filippov, Anton"]
[Black "Alavi, Sayed Javad"]
[Result "0-1"]
[WhiteElo "2502"]
[BlackElo "2461"]
[PlyCount "185"]
[EventDate "2008.03.03"]
[EventType "swiss"]
[EventRounds "9"]
[EventCountry "RUS"]
[Source "lmi"]
[SourceDate "2008.03.03"]

1. e4 c6 2. d4 d5 3. exd5 cxd5 4. Bd3 Nc6 5. c3 Qc7 6. Ne2 Bg4 7. Qa4 e6 8. Bf4
Bd6 9. Bxd6 Qxd6 10. Ng3 Nf6 11. O-O Nh5 12. Nxh5 Bxh5 13. Re1 Bg6 14. Qd1 Rb8
15. Na3 a6 16. Nc2 O-O 17. Bxg6 hxg6 18. Re3 b5 19. a3 a5 20. b4 axb4 21. axb4
Ne7 22. Rd3 Qc6 23. h4 Ra8 24. Rc1 Ra2 25. h5 Rfa8 26. Rh3 Qc7 27. Qd3 Rb2 28.
Ne3 Rxb4 29. Ng4 Qf4 30. Rf1 Rb2 31. Ne5 Ra1 32. Rf3 Rxf1+ 33. Qxf1 Qe4 34. Nd3
Rc2 35. Re3 Qf5 36. Qa1 gxh5 37. Rf3 Qe4 38. Re3 Qg4 39. Ne5 Qh4 40. g3 Qf6 41.
Rf3 Nf5 42. Qb1 Rd2 43. Qxb5 Qe7 44. Kg2 g6 45. Qb1 Kg7 46. Rf4 Qa7 47. Qb5 Qe7
48. Qb1 Qc7 49. Rf3 f6 50. Nd3 Kf7 51. Nc5 Qe7 52. Nb3 Re2 53. Kf1 Re4 54. Nc5
Rg4 55. Qb8 h4 56. Qh8 hxg3 57. Qh7+ Kf8 58. Qh8+ Kf7 59. Qh7+ Ng7 60. Nd3 g2+
61. Kg1 Ke8 62. Ne5 fxe5 63. Qg8+ Kd7 64. Rf7 Nf5 65. dxe5 Rc4 66. Rxe7+ Nxe7
67. Qb8 Nf5 68. Qb5+ Ke7 69. Kxg2 Kf7 70. Qa5 Ne7 71. Kf1 Re4 72. Qc7 Rc4 73.
Qa5 Re4 74. Qc7 Rc4 75. Qd8 Rxc3 76. Qh8 Rf3 77. Ke2 Rf5 78. Ke3 g5 79. Qh5+
Kg7 80. Qe8 Rxe5+ 81. Kf3 Ng6 82. Kg4 Kh6 83. Qd8 Re4+ 84. Kg3 d4 85. Qd7 e5
86. Qh3+ Rh4 87. Qd7 d3 88. f3 Rd4 89. Qh3+ Kg7 90. Qf1 d2 91. Qd1 Nf4 92. Kg4
Kf6 93. Kg3 0-1

[Event "10. University wch masculino"]
[Site "Novokuznetsk RUS"]
[Date "2008.03.09"]
[Round "7.5"]
[White "Pokazanjev, Nikolai"]
[Black "Liang, Chong"]
[Result "1-0"]
[WhiteElo "2405"]
[BlackElo "2488"]
[PlyCount "81"]
[EventDate "2008.03.03"]
[EventType "swiss"]
[EventRounds "9"]
[EventCountry "RUS"]
[Source "lmi"]
[SourceDate "2008.03.03"]

1. e4 e5 2. Nf3 Nc6 3. Bb5 a6 4. Bxc6 dxc6 5. O-O f6 6. d4 exd4 7. Nxd4 c5 8.
Ne2 Qxd1 9. Rxd1 Bd7 10. Nbc3 O-O-O 11. Be3 b6 12. Rd2 Ne7 13. Rad1 Nc6 14. Nd5
Be6 15. Bf4 Bxd5 16. exd5 Na5 17. b3 g5 18. Bg3 Re8 19. d6 Bxd6 20. Bxd6 cxd6
21. Nc3 Re6 22. Rxd6 Rhe8 23. Kf1 Nc6 24. Na4 Nb4 25. Nxb6+ Kc7 26. Rxe6 Rxe6
27. Nd5+ Kc6 28. Ne3 Kc7 29. a3 Nc6 30. Rd5 Kb6 31. Rd7 Nd4 32. Rxh7 f5 33. h4
gxh4 34. Rxh4 Kc6 35. b4 Rf6 36. c3 Ne6 37. Rh5 f4 38. Ng4 Rf8 39. Rh6 cxb4 40.
Rxe6+ Kd5 41. Re5+ 1-0

[Event "10. University wch masculino"]
[Site "Novokuznetsk RUS"]
[Date "2008.03.09"]
[Round "7.7"]
[White "Gundavaa, Bayarsaihan"]
[Black "Batchuluun, Cegmed"]
[Result "0-1"]
[WhiteElo "2320"]
[BlackElo "2432"]
[PlyCount "70"]
[EventDate "2008.03.03"]
[EventType "swiss"]
[EventRounds "9"]
[EventCountry "RUS"]
[Source "lmi"]
[SourceDate "2008.03.03"]

1. e4 e6 2. d4 d5 3. Nc3 Nf6 4. Bg5 Bb4 5. e5 h6 6. Bd2 Bxc3 7. bxc3 Ne4 8. Qg4
Kf8 9. Bd3 Nxd2 10. Kxd2 c5 11. h4 Nc6 12. Rh3 c4 13. Be2 b5 14. Rg3 Rg8 15.
Nh3 Ne7 16. Nf4 Nf5 17. Rh3 a5 18. a3 Bd7 19. Nh5 b4 20. axb4 axb4 21. Rxa8
bxc3+ 22. Rxc3 Qxa8 23. Ng3 Qa7 24. Bd1 Nxd4 25. Qf4 Ke7 26. Nh5 Nf5 27. Rh3 g5
28. hxg5 hxg5 29. Qg4 Qxf2+ 30. Kc1 Ne3 31. Qg3 Qxg3 32. Rxg3 d4 33. c3 Nxd1
34. Kxd1 d3 35. Kd2 Ra8 0-1

[Event "10. University wch masculino"]
[Site "Novokuznetsk RUS"]
[Date "2008.03.09"]
[Round "7.8"]
[White "Bilegt, Batkhorol"]
[Black "Moosavian, S.Hamed"]
[Result "0-1"]
[WhiteElo "2211"]
[BlackElo "2349"]
[PlyCount "112"]
[EventDate "2008.03.03"]
[EventType "swiss"]
[EventRounds "9"]
[EventCountry "RUS"]
[Source "lmi"]
[SourceDate "2008.03.03"]

1. e4 e6 2. d4 d5 3. exd5 exd5 4. Bd3 c5 5. dxc5 Bxc5 6. Nf3 Ne7 7. Nbd2 Nbc6
8. Nb3 Bd6 9. c3 O-O 10. O-O f6 11. Qc2 g6 12. Bd2 Bg4 13. Nfd4 Rc8 14. Rae1
Nb4 15. Qb1 Nxd3 16. Qxd3 Rf7 17. h3 Bd7 18. Re2 Bb8 19. Rfe1 Qc7 20. f4 Qd6
21. Kh2 a6 22. g3 Nf5 23. Rd1 Rd8 24. Be1 Bc8 25. Bf2 Ng7 26. Qf3 Nh5 27. Qg2
b6 28. Red2 Re8 29. Nc1 Bb7 30. Qf3 Re4 31. Nce2 Rfe7 32. Nf5 Qd7 33. Nxe7+
Qxe7 34. Bd4 a5 35. Kg2 Ba6 36. c4 Bb7 37. Bf2 d4 38. Nxd4 Rxd4 39. Rxd4 Bxf3+
40. Kxf3 Qb7+ 41. Ke2 Bc7 42. Rd5 f5 43. Bd4 Nxg3+ 44. Ke1 Qc6 45. Bc3 Qxc4 46.
R1d3 Qe4+ 47. Kd1 Bxf4 48. Kc2 Ne2 49. Rd8+ Kf7 50. R8d7+ Ke6 51. Rd8 Nxc3 52.
Re8+ Kf6 53. Rxe4 Nxe4 54. Rd7 h5 55. Rb7 Be3 56. Kd3 Nc5+ 0-1

[Event "10. University wch masculino"]
[Site "Novokuznetsk RUS"]
[Date "2008.03.09"]
[Round "7.10"]
[White "Van Eijk, Sander"]
[Black "Vuilleumier, Alexandre"]
[Result "1-0"]
[WhiteElo "2283"]
[BlackElo "2285"]
[PlyCount "47"]
[EventDate "2008.03.03"]
[EventType "swiss"]
[EventRounds "9"]
[EventCountry "RUS"]
[Source "lmi"]
[SourceDate "2008.03.03"]

1. e4 e5 2. f4 Bc5 3. Nf3 d6 4. Nc3 Nc6 5. Bb5 Nge7 6. Na4 O-O 7. c3 a6 8. Bxc6
Nxc6 9. Nxc5 dxc5 10. f5 b6 11. O-O a5 12. Ne1 Ba6 13. Rf3 Qd6 14. d3 Rfd8 15.
Rg3 c4 16. Qg4 g6 17. Bg5 cxd3 18. Nf3 Qc5+ 19. Kh1 d2 20. Nxd2 Rd3 21. fxg6
hxg6 22. Bf6 Kf8 23. Rxd3 Bxd3 24. Qh3 1-0

[Event "10. University wch masculino"]
[Site "Novokuznetsk RUS"]
[Date "2008.03.09"]
[Round "7.11"]
[White "Akhanov, Dauren"]
[Black "Van Assendelft, Floris"]
[Result "1-0"]
[WhiteElo "2135"]
[BlackElo "2282"]
[PlyCount "105"]
[EventDate "2008.03.03"]
[EventType "swiss"]
[EventRounds "9"]
[EventCountry "RUS"]
[Source "lmi"]
[SourceDate "2008.03.03"]

1. e4 c5 2. Nf3 d6 3. d4 cxd4 4. Nxd4 Nf6 5. Nc3 a6 6. Bc4 e6 7. Bb3 Nc6 8. f4
Be7 9. O-O O-O 10. Be3 Qc7 11. Qf3 Bd7 12. Qg3 Kh8 13. f5 Nxd4 14. Bxd4 b5 15.
a3 e5 16. Be3 Bc6 17. Rae1 Nxe4 18. Nxe4 Bxe4 19. Bh6 gxh6 20. Rxe4 Bf6 21. Kh1
Rg8 22. Qh3 Qb7 23. Re2 Bg5 24. c3 Qe7 25. f6 Qb7 26. Qd3 Rad8 27. Bd5 Qc7 28.
a4 bxa4 29. Qxa6 Qc5 30. c4 Rg6 31. Ref2 Qc7 32. Qxa4 Be3 33. Re2 Bg5 34. Ref2
Be3 35. Rf3 Bd4 36. Be4 Rg4 37. Bf5 Rg5 38. Rh3 h5 39. Be4 Rdg8 40. Qc2 h6 41.
Qe2 Qd7 42. Rxh5 Rxh5 43. Qxh5 Be3 44. Bd5 Rg6 45. b4 Bg5 46. Be4 Rg8 47. b5
Rb8 48. Qf3 Kg8 49. Qg3 Qc7 50. Bd5 Qa7 51. h4 Qe3 52. Rf3 Qc1+ 53. Kh2 1-0

[Event "10. University wch masculino"]
[Site "Novokuznetsk RUS"]
[Date "2008.03.09"]
[Round "7.12"]
[White "Noroozi, Omid"]
[Black "Viela, Marco"]
[Result "1-0"]
[WhiteElo "2222"]
[BlackElo "2161"]
[PlyCount "55"]
[EventDate "2008.03.03"]
[EventType "swiss"]
[EventRounds "9"]
[EventCountry "RUS"]
[Source "lmi"]
[SourceDate "2008.03.03"]

1. c4 e5 2. Nf3 Nc6 3. Nc3 Nf6 4. e3 Be7 5. a3 a5 6. d4 exd4 7. Nxd4 d5 8. cxd5
Nxd5 9. Nxc6 bxc6 10. Qa4 Bb7 11. Bd2 O-O 12. Be2 Nb6 13. Qc2 c5 14. Ne4 c4 15.
Bc3 Qd5 16. Ng3 Qxg2 17. O-O-O Qxf2 18. Rhg1 Qxe3+ 19. Kb1 f6 20. Nf5 Qe4 21.
Rxg7+ Kh8 22. Rxe7 Qxc2+ 23. Kxc2 Nd5 24. Rxd5 Bxd5 25. Ne3 Bf7 26. Bxf6+ Kg8
27. Nf5 h5 28. Bxc4 1-0

[Event "10. University wch masculino"]
[Site "Novokuznetsk RUS"]
[Date "2008.03.09"]
[Round "7.15"]
[White "Widmer, Simon"]
[Black "Kojima, Shinya"]
[Result "1-0"]
[WhiteElo "2176"]
[BlackElo "2205"]
[PlyCount "65"]
[EventDate "2008.03.03"]
[EventType "swiss"]
[EventRounds "9"]
[EventCountry "RUS"]
[Source "lmi"]
[SourceDate "2008.03.03"]

1. e4 c5 2. Nf3 Nc6 3. d4 cxd4 4. Nxd4 Nf6 5. Nc3 e5 6. Ndb5 d6 7. Bg5 a6 8.
Na3 b5 9. Bxf6 gxf6 10. Nd5 Bg7 11. c3 f5 12. exf5 Bxf5 13. Nc2 Be6 14. g3 O-O
15. Bg2 f5 16. a4 e4 17. axb5 Ne5 18. O-O Nd3 19. Ncb4 Nxb4 20. cxb4 axb5 21.
Rxa8 Qxa8 22. Nc7 Qa2 23. Qxd6 Bc4 24. Rd1 Qxb2 25. Nxb5 Be5 26. Qc5 Bd3 27. h4
Rd8 28. Qe7 Rb8 29. Nd6 Bxd6 30. Qxd6 Qxb4 31. Qe6+ Kh8 32. Rxd3 exd3 33. Qf6+
1-0

[Event "10. University wch masculino"]
[Site "Novokuznetsk RUS"]
[Date "2008.03.09"]
[Round "7.16"]
[White "Castro, Francisco"]
[Black "Wyss, Jonas"]
[Result "1-0"]
[WhiteElo "2152"]
[BlackElo "2181"]
[PlyCount "143"]
[EventDate "2008.03.03"]
[EventType "swiss"]
[EventRounds "9"]
[EventCountry "RUS"]
[Source "lmi"]
[SourceDate "2008.03.03"]

1. e4 c5 2. Nf3 d6 3. d4 cxd4 4. Nxd4 Nf6 5. Nc3 a6 6. Bc4 e6 7. Bb3 b5 8. O-O
Be7 9. Re1 O-O 10. a3 Qc7 11. Qf3 Nc6 12. Nxc6 Qxc6 13. Qg3 Kh8 14. Bg5 Bb7 15.
Rad1 Rad8 16. Kh1 Qc5 17. Bc1 Qh5 18. Rd3 Nd7 19. Qf4 Ne5 20. Rh3 Qg6 21. Rg3
Qf6 22. Qe3 Nc4 23. Bxc4 bxc4 24. Qa7 Rd7 25. Bg5 Qe5 26. f4 Qa5 27. Bxe7 Rxe7
28. Qd4 f5 29. Qxd6 Ref7 30. e5 Bd5 31. Rge3 Rd8 32. Qb4 Qxb4 33. axb4 Rb7 34.
Nxd5 Rxd5 35. c3 Kg8 36. h3 a5 37. bxa5 Rxa5 38. Rb1 Rab5 39. Re2 Rb3 40. Rc2
Kf7 41. Kh2 h6 42. h4 g5 43. hxg5 hxg5 44. g3 Kg6 45. Kg2 g4 46. Kf2 Rb8 47.
Ke3 Rd8 48. Rd2 Rdb8 49. Rd6 Kf7 50. Kd4 Rc8 51. Rd7+ Kg6 52. Ke3 Rh8 53. Rd2
Rb7 54. Rg1 Rhb8 55. Rgg2 Rc8 56. Rh2 Rcb8 57. Rd6 Re7 58. Rc6 Rd8 59. Rxc4
Red7 60. Rd4 Rxd4 61. cxd4 Rb8 62. Rd2 Rb3+ 63. Rd3 Rxb2 64. d5 exd5 65. Kd4
Rb5 66. Rc3 Kg7 67. Rc7+ Kf8 68. e6 Ke8 69. Ke5 d4+ 70. Kf6 Rb8 71. Rh7 Kd8 72.
Rh8+ 1-0

[Event "10. University wch masculino"]
[Site "Novokuznetsk RUS"]
[Date "2008.03.10"]
[Round "8.1"]
[White "Bocharov, Dmitry"]
[Black "Pokazanjev, Nikolai"]
[Result "1-0"]
[WhiteElo "2600"]
[BlackElo "2405"]
[PlyCount "57"]
[EventDate "2008.03.03"]
[EventType "swiss"]
[EventRounds "9"]
[EventCountry "RUS"]
[Source "lmi"]
[SourceDate "2008.03.03"]

1. d4 Nf6 2. c4 g6 3. Nf3 Bg7 4. g3 c5 5. dxc5 Qa5+ 6. Nfd2 Qxc5 7. Bg2 O-O 8.
O-O Nc6 9. Nc3 d6 10. Nd5 Bd7 11. Nxf6+ exf6 12. Ne4 Qxc4 13. Nxd6 Qa6 14. b4
Nd4 15. Qxd4 f5 16. Qd1 Bxa1 17. Bxb7 Qxa2 18. Bh6 Bg7 19. Bxg7 Kxg7 20. Qd4+
f6 21. Bxa8 Rxa8 22. Rc1 Qe6 23. Rc7 Kg8 24. Nxf5 Qxf5 25. Rxd7 Rc8 26. Rxa7
Qe6 27. Kg2 Qc6+ 28. e4 Re8 29. b5 1-0

[Event "10. University wch masculino"]
[Site "Novokuznetsk RUS"]
[Date "2008.03.10"]
[Round "8.2"]
[White "Zhou, Jianchao"]
[Black "Smirnov, Pavel"]
[Result "1/2-1/2"]
[WhiteElo "2551"]
[BlackElo "2599"]
[PlyCount "59"]
[EventDate "2008.03.03"]
[EventType "swiss"]
[EventRounds "9"]
[EventCountry "RUS"]
[Source "lmi"]
[SourceDate "2008.03.03"]

1. d4 d5 2. c4 e6 3. Nf3 Nf6 4. Nc3 c6 5. Bg5 h6 6. Bh4 dxc4 7. e4 g5 8. Bg3 b5
9. Ne5 h5 10. h4 g4 11. Be2 Bb7 12. O-O Nbd7 13. Qc2 Nxe5 14. Bxe5 Bg7 15. Bg3
O-O 16. e5 Nd5 17. Ne4 Ne7 18. Nd6 Nf5 19. Nxf5 exf5 20. Qxf5 Qd5 21. f3 Qxd4+
22. Kh1 Rae8 23. Rae1 c5 24. fxg4 Re6 25. gxh5 Bxe5 26. Bg4 Bxg3 27. Rxe6 Qg7
28. h6 Qxb2 29. Be2 Kh8 30. Re7 1/2-1/2

[Event "10. University wch masculino"]
[Site "Novokuznetsk RUS"]
[Date "2008.03.10"]
[Round "8.3"]
[White "Kuderinov, Kirill"]
[Black "Lysyj, Igor"]
[Result "0-1"]
[WhiteElo "2416"]
[BlackElo "2593"]
[PlyCount "44"]
[EventDate "2008.03.03"]
[EventType "swiss"]
[EventRounds "9"]
[EventCountry "RUS"]
[Source "lmi"]
[SourceDate "2008.03.03"]

1. e4 e6 2. d4 d5 3. exd5 exd5 4. Bd3 c5 5. Nf3 Nf6 6. O-O c4 7. Be2 Be7 8. b3
cxb3 9. axb3 O-O 10. c4 Nc6 11. Bb2 Bg4 12. Nbd2 Bb4 13. Ne5 Bxe2 14. Qxe2 Re8
15. Ndf3 Ne4 16. cxd5 Qxd5 17. Qc4 Qxc4 18. bxc4 Nxe5 19. Nxe5 Nd2 20. Rfd1 f6
21. Ra4 a5 22. Bc1 Ne4 0-1

[Event "10. University wch masculino"]
[Site "Novokuznetsk RUS"]
[Date "2008.03.10"]
[Round "8.4"]
[White "Batchuluun, Cegmed"]
[Black "Zhumabayev, Rinat"]
[Result "1/2-1/2"]
[WhiteElo "2432"]
[BlackElo "2436"]
[PlyCount "166"]
[EventDate "2008.03.03"]
[EventType "swiss"]
[EventRounds "9"]
[EventCountry "RUS"]
[Source "lmi"]
[SourceDate "2008.03.03"]

1. d4 Nf6 2. c4 e6 3. Nf3 b6 4. g3 Ba6 5. b3 Bb4+ 6. Bd2 Be7 7. Bg2 d5 8. Ne5
O-O 9. O-O Bb7 10. Nc3 Qc8 11. cxd5 exd5 12. Rc1 Na6 13. Bf4 Rd8 14. Nd3 Ne4
15. Qc2 Ng5 16. b4 Nh3+ 17. Bxh3 Qxh3 18. b5 Nb4 19. Nxb4 Bxb4 20. Nb1 Bd6 21.
Qd2 a6 22. a4 Rd7 23. Qe3 Re7 24. Qf3 Rd8 25. Nd2 Bc8 26. Bxd6 Rxd6 27. Rfe1
Qd7 28. Qd3 a5 29. Rc3 Qf5 30. Qxf5 Bxf5 31. e3 Kf8 32. Rec1 Rdd7 33. Nf3 f6
34. Nh4 Bh3 35. Ng2 g5 36. f3 Ke8 37. Kf2 Kd8 38. Ne1 Be6 39. Rc6 Re8 40. h4 h6
41. Ng2 Rf7 42. Rh1 Bd7 43. Rc3 Re6 44. Rhc1 Be8 45. Ne1 c6 46. bxc6 Rc7 47.
Ke2 Rcxc6 48. Rxc6 Bxc6 49. hxg5 hxg5 50. Ra1 Re7 51. f4 g4 52. Ng2 Rh7 53. Nh4
Be8 54. Kd3 Re7 55. Kd2 Rc7 56. Kd3 Rc4 57. e4 Bxa4 58. exd5 b5 59. Ra2 Rc1 60.
Nf5 Rd1+ 61. Ke2 Rh1 62. Kd3 Rf1 63. Ng7 Rf3+ 64. Ke4 Rc3 65. Kf5 Ke7 66. d6+
Kxd6 67. Kxf6 Kd5 68. f5 Rc2 69. Ra1 Rf2 70. Ke7 Kxd4 71. f6 Bb3 72. Rxa5 Re2+
73. Kd6 Bc4 74. Rxb5 Bxb5 75. f7 Rf2 76. Ne6+ Ke4 77. f8=Q Rxf8 78. Nxf8 Kf5
79. Ne6 Bc4 80. Nc5 Ba2 81. Nd3 Ke4 82. Ne5 Bb3 83. Nxg4 Kd4 1/2-1/2

[Event "10. University wch masculino"]
[Site "Novokuznetsk RUS"]
[Date "2008.03.10"]
[Round "8.6"]
[White "Battulga, Namhai"]
[Black "Filippov, Anton"]
[Result "1-0"]
[WhiteElo "2306"]
[BlackElo "2502"]
[PlyCount "101"]
[EventDate "2008.03.03"]
[EventType "swiss"]
[EventRounds "9"]
[EventCountry "RUS"]
[Source "lmi"]
[SourceDate "2008.03.03"]

1. e4 e5 2. Nf3 Nc6 3. Bb5 a6 4. Ba4 d6 5. c3 Bd7 6. d4 Nge7 7. O-O Ng6 8. Re1
Be7 9. Nbd2 h6 10. Nf1 Bg5 11. Ng3 Bf4 12. Bxf4 exf4 13. Nh5 O-O 14. h3 Qc8 15.
Kh2 Nd8 16. Bxd7 Qxd7 17. Qd2 Ne6 18. d5 Ng5 19. Nd4 f5 20. Nxf4 Nxf4 21. Qxf4
fxe4 22. Qg3 Rfe8 23. Re3 c5 24. dxc6 bxc6 25. h4 Nh7 26. Qg6 Nf8 27. Qf5 c5
28. Qxd7 Nxd7 29. Nf5 Nf6 30. Rg3 Nh5 31. Rg6 d5 32. g4 Re5 33. Rd1 Kh7 34. Rc6
c4 35. Rc7 Rb8 36. Ne7 Rxb2 37. gxh5 e3 38. Kg3 Rxf2 39. Re1 Rf6 40. Re2 Rf1
41. Rd7 Rg1+ 42. Kh2 Rd1 43. Kg3 Rd3 44. Ng6 Rxh5 45. Kg4 Kxg6 46. Rd6+ Kf7 47.
Kxh5 Ke7 48. Rxa6 Rxc3 49. Rb2 Rb3 50. axb3 c3 51. Rg2 1-0

[Event "10. University wch masculino"]
[Site "Novokuznetsk RUS"]
[Date "2008.03.10"]
[Round "8.7"]
[White "Moosavian, S.Hamed"]
[Black "Otte, Marijn"]
[Result "1-0"]
[WhiteElo "2349"]
[BlackElo "2192"]
[PlyCount "43"]
[EventDate "2008.03.03"]
[EventType "swiss"]
[EventRounds "9"]
[EventCountry "RUS"]
[Source "lmi"]
[SourceDate "2008.03.03"]

1. e4 c5 2. Nc3 a6 3. Nf3 d6 4. d4 cxd4 5. Nxd4 Nf6 6. Bc4 e6 7. Bb3 Nc6 8. Be3
Qc7 9. Qe2 Na5 10. g4 e5 11. Nf5 Nxb3 12. axb3 h5 13. f3 hxg4 14. fxg4 b5 15.
Bg5 b4 16. Nb5 Qc6 17. Nbxd6+ Bxd6 18. Nxg7+ Kf8 19. Bxf6 Rh6 20. Nh5 Rg6 21.
g5 Be6 22. Ng3 1-0

[Event "10. University wch masculino"]
[Site "Novokuznetsk RUS"]
[Date "2008.03.10"]
[Round "8.10"]
[White "Gundavaa, Bayarsaihan"]
[Black "Akhanov, Dauren"]
[Result "1-0"]
[WhiteElo "2320"]
[BlackElo "2135"]
[PlyCount "145"]
[EventDate "2008.03.03"]
[EventType "swiss"]
[EventRounds "9"]
[EventCountry "RUS"]
[Source "lmi"]
[SourceDate "2008.03.03"]

1. e4 c5 2. Nf3 d6 3. d4 cxd4 4. Nxd4 Nf6 5. Nc3 g6 6. g3 Bg7 7. Bg2 O-O 8. h3
Nc6 9. Nde2 Be6 10. O-O Rc8 11. Nd5 Ne5 12. Nd4 Bd7 13. b3 Nc6 14. Nxc6 bxc6
15. Nxf6+ Bxf6 16. Bh6 Re8 17. Rc1 c5 18. c4 Bc6 19. Bd2 Qd7 20. h4 Bd4 21. Kh2
Qb7 22. Qe2 e6 23. Bf4 Rcd8 24. f3 a5 25. Rb1 a4 26. Rfd1 axb3 27. axb3 Qc7 28.
b4 Ra8 29. b5 Bb7 30. Be3 Bxe3 31. Qxe3 d5 32. b6 Qc8 33. e5 d4 34. Qd2 Ra4 35.
Rdc1 Qd7 36. h5 Rea8 37. h6 Qd8 38. Rb2 R8a6 39. Rcb1 Rxc4 40. Bf1 d3 41. Qxd3
Rd4 42. Qc3 Ra8 43. Bg2 c4 44. f4 Rb8 45. Bxb7 Rxb7 46. Ra1 Rd5 47. Ra6 g5 48.
Qxc4 g4 49. Qe2 f5 50. Rba2 Rxb6 51. Ra8 Rb8 52. Rxb8 Qxb8 53. Qa6 Kf7 54. Qa7+
Qxa7 55. Rxa7+ Kg6 56. Re7 Rd2+ 57. Kg1 Kxh6 58. Rxe6+ Kg7 59. Rf6 Rd3 60. Kf2
Rd2+ 61. Ke3 Rg2 62. Rxf5 Rxg3+ 63. Ke4 Rg1 64. Rg5+ Kf7 65. Kf5 g3 66. e6+ Ke7
67. Rg7+ Kd6 68. Rd7+ Kc6 69. Rxh7 g2 70. Rg7 Kd6 71. Rd7+ Kc6 72. Rd2 Re1 73.
Rxg2 1-0

[Event "10. University wch masculino"]
[Site "Novokuznetsk RUS"]
[Date "2008.03.10"]
[Round "8.13"]
[White "Vuilleumier, Alexandre"]
[Black "Bilegt, Batkhorol"]
[Result "1/2-1/2"]
[WhiteElo "2285"]
[BlackElo "2211"]
[PlyCount "115"]
[EventDate "2008.03.03"]
[EventType "swiss"]
[EventRounds "9"]
[EventCountry "RUS"]
[Source "lmi"]
[SourceDate "2008.03.03"]

1. e4 c5 2. Nf3 d6 3. d4 cxd4 4. Nxd4 Nf6 5. Nc3 a6 6. Be3 e5 7. Nb3 Be6 8. Qd2
Be7 9. O-O-O Ng4 10. Kb1 Nd7 11. f4 Nxe3 12. Qxe3 exf4 13. Qxf4 O-O 14. Nd4 Ne5
15. Nf5 Rc8 16. Qg3 Bxf5 17. exf5 Re8 18. Nd5 Bf6 19. Qf4 b5 20. g3 Nc4 21.
Nxf6+ Qxf6 22. Bxc4 Rxc4 23. Rxd6 Rxf4 24. Rxf6 gxf6 25. gxf4 Re2 26. b3 Kf8
27. h3 Re3 28. Rd1 Ke7 29. Rd3 Re1+ 30. Kb2 Rf1 31. Rd4 Rf3 32. a4 Rxh3 33.
axb5 axb5 34. Rb4 Rf3 35. Rxb5 Rxf4 36. c4 h5 37. Rb7+ Kd6 38. Rxf7 Rxf5 39.
Kc3 Rf3+ 40. Kb4 h4 41. Rh7 h3 42. Rh6 Kc6 43. Ka4 Kc5 44. Rh4 Kb6 45. b4 Kc6
46. Rh5 Kd6 47. b5 Rg3 48. c5+ Ke6 49. b6 Kd7 50. Rh8 h2 51. b7 Rg1 52. Rxh2
Rb1 53. Rh6 Kc6 54. Rxf6+ Kxc5 55. Rf5+ Kc6 56. Rf4 Kxb7 57. Rb4+ Rxb4+ 58.
Kxb4 1/2-1/2

[Event "10. University wch masculino"]
[Site "Novokuznetsk RUS"]
[Date "2008.03.10"]
[Round "8.15"]
[White "Viela, Marco"]
[Black "Wyss, Jonas"]
[Result "1-0"]
[WhiteElo "2161"]
[BlackElo "2181"]
[PlyCount "65"]
[EventDate "2008.03.03"]
[EventType "swiss"]
[EventRounds "9"]
[EventCountry "RUS"]
[Source "lmi"]
[SourceDate "2008.03.03"]

1. e4 e6 2. d4 d5 3. Nc3 Bb4 4. e5 c5 5. a3 Bxc3+ 6. bxc3 Ne7 7. Qg4 O-O 8. Bd3
Nbc6 9. Bd2 f5 10. exf6 Rxf6 11. Qh4 h6 12. Nf3 c4 13. Be2 Nf5 14. Qh5 Qf8 15.
g4 Nd6 16. g5 hxg5 17. Bxg5 Qf7 18. Ne5 Qxh5 19. Bxh5 Rf5 20. f4 Nxe5 21. dxe5
Nb5 22. Kd2 Nc7 23. Bg6 Rf8 24. h4 Bd7 25. h5 Be8 26. Rag1 Bf7 27. Be7 Rfe8 28.
Bd6 Nb5 29. h6 Nxd6 30. exd6 Rf8 31. hxg7 Kxg7 32. Be4+ Kf6 33. Rh6+ 1-0

[Event "10. University wch masculino"]
[Site "Novokuznetsk RUS"]
[Date "2008.03.11"]
[Round "9.2"]
[White "Lysyj, Igor"]
[Black "Batchuluun, Cegmed"]
[Result "1-0"]
[WhiteElo "2593"]
[BlackElo "2432"]
[PlyCount "71"]
[EventDate "2008.03.03"]
[EventType "swiss"]
[EventRounds "9"]
[EventCountry "RUS"]
[Source "lmi"]
[SourceDate "2008.03.03"]

1. d4 Nf6 2. c4 e6 3. Nc3 Bb4 4. Qc2 c5 5. dxc5 O-O 6. a3 Bxc5 7. Nf3 b6 8. Bf4
Bb7 9. Rd1 Qc8 10. e3 d5 11. Nb5 Nbd7 12. b4 Be7 13. Rc1 dxc4 14. Bxc4 Bxf3 15.
gxf3 Qb7 16. Ke2 Rac8 17. Qa2 e5 18. Bg3 a6 19. Nc3 b5 20. Bb3 Nh5 21. Nd5
Nxg3+ 22. hxg3 Nf6 23. Nxf6+ Bxf6 24. Bd5 Qd7 25. Rhd1 Rxc1 26. Rxc1 Rd8 27. e4
Qa7 28. Rc6 a5 29. bxa5 Qxa5 30. Bxf7+ Kh8 31. Bd5 b4 32. a4 Be7 33. Qc2 Bd6
34. Bb3 Be7 35. Qc4 Bf6 36. Ra6 1-0

[Event "10. University wch masculino"]
[Site "Novokuznetsk RUS"]
[Date "2008.03.11"]
[Round "9.3"]
[White "Smirnov, Pavel"]
[Black "Moosavian, S.Hamed"]
[Result "1-0"]
[WhiteElo "2599"]
[BlackElo "2349"]
[PlyCount "79"]
[EventDate "2008.03.03"]
[EventType "swiss"]
[EventRounds "9"]
[EventCountry "RUS"]
[Source "lmi"]
[SourceDate "2008.03.03"]

1. e4 e6 2. d4 d5 3. Nc3 Nc6 4. Nf3 Nf6 5. e5 Ne4 6. Ne2 f6 7. exf6 Qxf6 8. Ng3
e5 9. Bb5 exd4 10. Nxe4 dxe4 11. Nxd4 Bb4+ 12. c3 O-O 13. Be3 Bc5 14. Bxc6 bxc6
15. Qb3+ Kh8 16. Qc4 Bxd4 17. Bxd4 Qg6 18. O-O-O a5 19. Qc5 Ba6 20. Rhe1 Bd3
21. f3 exf3 22. Re7 Rg8 23. gxf3 Rae8 24. Bxg7+ Rxg7 25. Rxe8+ Qxe8 26. Rxd3 h6
27. Qe3 Qg6 28. Rd8+ Kh7 29. Qe4 Qxe4 30. fxe4 Rg2 31. Rd2 Rg1+ 32. Kc2 Re1 33.
Kd3 Kg6 34. Kd4 Kf6 35. Kc5 Rxe4 36. Kxc6 Re7 37. Rf2+ Kg5 38. a4 Re4 39. b3
Re3 40. Rc2 1-0